| 000 | 00844nam a2200181 i 4500 | ||
|---|---|---|---|
| 001 | 162557 | ||
| 003 | ES-MaACL | ||
| 005 | 20230906212543.0 | ||
| 008 | 041119s1868 fr a |||| | fre d | ||
| 040 |
_aCAM _bspa _cCAM |
||
| 100 | 1 |
_aPreti, Jean. _9131358 |
|
| 245 | 1 | 0 |
_aABC des échecs ou Introduction a l'étude de la stratégie raisonnée des échecs _b: complété par une série de plus de cent problèmes inédits et gradués des meilleurs auteurs / _cpar Jean Préti. |
| 246 | 3 | 0 | _aIntroduction a l'étude de la stratégie raisonnée des échecs |
| 260 |
_aParis : _bchez Jean Preti, éditeur ; _aLondres : _bchez Barthès et Lowell, _c1868 ( _fImp. Balitout, Questroy et C.) |
||
| 300 |
_a150, [2] p. : _bil. ; _c22 cm. |
||
| 650 | 0 | 4 |
_aAjedrez. _99707 |
| 852 |
_aES-MaACL _jC-3249 _z- Enc. hol. _z. - Legado de Modesto de la Fuente |
||
| 999 |
_c162557 _d162557 |
||